000 01009pam a2200289 a 4500
001 1070790
003 OSt
005 20150408114221.0
008 910628s2012 nyua 001 0 eng
010 _a 91026945
020 _a9780071314398
040 _aDLC
_cDLC
_dDLC
050 0 0 _aTA405
_b.B39 1992
082 0 0 _a620.112
_222
_bBFM
100 1 _aBeer, Ferdinand Pierre,
_d1915-
245 1 0 _aMechanics of materials /
_cFerdinand P. Beer, E. Russell Johnston, Jr., with the collaboration of John T. DeWolf.
250 _a2nd ed.
260 _aNew York :
_bMcGraw-Hill,
_c2012
300 _axix, 740 p. :
_bcol. ill. ;
_c25 cm.
500 _aIncludes index.
650 0 _aStrength of materials.
_912054
700 1 _aJohnston, E. Russell
_q(Elwood Russell),
_d1925-
700 1 _aDeWolf, John T.
_939624
906 _a7
_bcbc
_corignew
_d1
_eocip
_f19
_gy-gencatlg
942 _2ddc
_cBOOK
999 _c35444
_d269944